| Tag |
First Indicator |
Second Indicator |
Subfields |
| LEADER |
00000cam a2200000 a 4500 |
| 001 |
in00001640808 |
| 005 |
20220106085418.0 |
| 006 |
m d f |
| 007 |
cr an||||||||| |
| 008 |
010405s2000 dcu sb f000 0 eng c |
| 035 |
|
|
|a (OCoLC)ocm46670254
|
| 037 |
|
|
|a 163910
|b GAO (202) 512-6000 (Voice); (301) 258-4066 (Fax)
|f paper copy
|
| 042 |
|
|
|a pcc
|
| 043 |
|
|
|a n-us---
|
| 040 |
|
|
|a GPO
|b eng
|c GPO
|d MvI
|
| 049 |
|
|
|a WWW
|
| 074 |
|
|
|a 0546-D-01 (online)
|
| 086 |
0 |
|
|a GA 1.5/2:T-GGD-00-182
|
| 100 |
1 |
|
|a McCool, Thomas Joseph,
|d 1947-
|
| 245 |
1 |
0 |
|a Housing enterprises :
|b the roles of Fannie Mae and Freddie Mac in the U.S. housing finance system : statement of Thomas J. McCool, Director, Financial Institutions and Markets Issues, General Government Division, before the House Budget Committee's Task Force on Housing and Infrastructure.
|
| 246 |
3 |
0 |
|a Roles of Fannie Mae and Freddie Mac in the U.S. housing finance system
|
| 264 |
|
1 |
|a [Washington, D.C.] :
|b U.S. General Accounting Office,
|c [2000]
|
| 336 |
|
|
|a text
|b txt
|2 rdacontent
|
| 337 |
|
|
|a computer
|b c
|2 rdamedia
|
| 338 |
|
|
|a online resource
|b cr
|2 rdacarrier
|
| 490 |
1 |
|
|a Testimony ;
|v GAO/T-GGD-00-182
|
| 500 |
|
|
|a "For released ... July 25, 2000."
|
| 500 |
|
|
|a Paper version available from the General Accounting Office.
|
| 500 |
|
|
|a Title from title screen.
|
| 504 |
|
|
|a Includes bibliographical references.
|
| 538 |
|
|
|a Mode of access: Internet from the GPO Access web site. Address as of 04/05/01: http://frwebgate.access.gpo.gov/cgi-bin/getdoc.cgi?dbname=gao&docid=f:gg00182t.pdf; current access is available via PURL.
|
| 538 |
|
|
|a System requirements: Adobe Acrobat Reader required.
|
| 610 |
2 |
0 |
|a Federal National Mortgage Association.
|
| 610 |
2 |
0 |
|a Federal Home Loan Mortgage Corporation.
|
| 650 |
|
0 |
|a Government-sponsored enterprises
|z United States.
|
| 710 |
1 |
|
|a United States.
|b General Accounting Office.
|
| 830 |
|
0 |
|a Testimony ;
|v GAO/T-GGD-00-182.
|
| 856 |
4 |
0 |
|u https://purl.fdlp.gov/GPO/LPS10682
|t 0
|
| 856 |
4 |
0 |
|u https://purl.fdlp.gov/GPO/LPS10682
|z Adobe Acrobat Reader required
|t 0
|
| 999 |
f |
f |
|s b1b8aeda-8c24-34d0-aaa7-9109e832b2e8
|i 0d062098-5082-3fdc-8f73-1ba550b46d0a
|t 0
|
| 952 |
f |
f |
|a Texas A&M University
|b College Station
|c Electronic Resources
|d Available Online
|t 0
|e GA 1.5/2:T-GGD-00-182
|h Superintendent of Documents classification
|
| 998 |
f |
f |
|a GA 1.5/2:T-GGD-00-182
|t 0
|l Available Online
|